000 01239nab a22002417a 4500
999 _c6578
_d6578
003 OSt
005 20260225131848.0
008 190506c xxu||||| |||| 00| 0 spa d
040 _cPJ
100 _94448
_aMedici, Silvia D.
245 1 3 _a¿El principio in dubio pro operario se encuentra vigente o fue derogado por la Ley de Bases? /
_cSilvia D. Medici.
260 _aBuenos Aires :
_bAbeledoPerrot,
_c2025.
300 _ap. 7-16
500 _aCita: TR LALEY AR/DOC/540/2025.
505 _aSumario: I. Introducción.— II. Principio in dubio pro operario: doctrinas a favor y en contra. Interpretación y vigencia.— III. La Ley de Bases, su reglamentación, los derechos del trabajador y la vigencia del principio in dubio pro operario. — IV. Nuestra postura.— V. Conclusiones.— VI. Bibliografía.
505 _t¿Te interesa el texto completo? Comunicate al correo: koha@justierradelfuego.gov.ar
650 0 _91316
_aDERECHO LABORAL
650 0 _91514
_aPROCEDIMIENTO LABORAL
650 0 _91462
_aCONFLICTOS COLECTIVOS DE TRABAJO
650 0 _91539
_aIN DUBIO PRO OPERARIO
773 0 _02751
_93202
_dBuenos Aires : AbeledoPerrot, 2013-
_tRevista de derecho laboral y seguridad social. Nº 8 - Abril 2025
942 _2udc
_cANA